[Event "SCCA Promotional Open Tournament"]
[Site "SchemingMind.com"]
[Date "2008.02.14"]
[Round "-"]
[White "jp781"]
[Black "Joe Daudish"]
[Result "1-0"]
[WhiteCountry "USA"]
[BlackCountry "USA"]
[WhiteElo "1960"]
[WhiteRD "86"]
[BlackElo "1780"]
[BlackRD "46"]
[GameID "141575"]

1. d4 d5 2. c4 e6 3. Nf3 Nf6 4. Nc3 Be7 5. Bg5 h6 6. Bh4 b6 7. e3 Bb7 8. Be2 dxc4 9. Bxc4 O-O 10. O-O c6
11. Ne5 Nbd7 12. e4 b5 13. Nxd7 Qxd7 14. e5 Nd5 15. Bxe7 Qxe7 16. Nxd5 exd5 17. Bd3 a6 18. a3 c5 19. Bc2 cxd4 20. Qxd4 Rfe8
21. Rfe1 Rac8 22. Bb3 Red8 23. Rad1 Qg5 24. f3 a5 25. Qb6 Rd7 26. Qxb5 Rcd8 27. Qxa5 d4 28. Qd2 Qxd2 29. Rxd2 Bd5 30. Ba4 Rb7
31. Rxd4 Rxb2 32. Bc6 Bxc6 33. Rxd8+ Kh7 34. Rd6 Bb7 35. Rd7 Kg6 36. e6 fxe6 37. Rxe6+ Kh7 38. Ree7 Ba6 39. Rxg7+
1-0

[Event "SCCA Promotional Open Tournament"]
[Site "SchemingMind.com"]
[Date "2008.02.14"]
[Round "-"]
[White "faulty"]
[Black "jp781"]
[Result "1-0"]
[WhiteCountry "USA"]
[BlackCountry "USA"]
[WhiteElo "2011"]
[WhiteRD "70"]
[BlackElo "1941"]
[BlackRD "82"]
[GameID "141576"]

1. e4 c5 2. Nf3 d6 3. d4 cxd4 4. Nxd4 Nf6 5. Nc3 g6 6. Bc4 Bg7 7. f3 Nc6 8. Be3 O-O 9. Qd2 Bd7 10. O-O-O Rc8
11. Bb3 Ne5 12. Kb1 Nc4 13. Bxc4 Rxc4 14. g4 a6 15. h4 b5 16. h5 e6 17. Nb3 b4 18. Ne2 Qe7 19. Qxd6 Qxd6 20. Rxd6 Bb5
21. Ned4 Rfc8 22. hxg6 hxg6 23. Nxb5 axb5 24. Rc1 Ne8 25. Rb6 Ra8 26. Rxb5 Bf8 27. Bf4 f6 28. Rb8 Rc8 29. Rxa8 Rxa8 30. c3 e5
31. Bd2 bxc3 32. Rxc3 Nd6 33. Rc6 Rb8 34. Bc3 Be7 35. Nd2 Nb5 36. Kc2 g5 37. a4 Nd4+ 38. Bxd4 exd4 39. Rc4 d3+ 40. Kc3 Rd8
41. b4 Bd6 42. Kb2 Bf4 43. Kc1 Rd7 44. Kd1 Kf7 45. Nb3 Rd8 46. Rd4 Rxd4 47. Nxd4 Ke7 48. Nb5 Kd7 49. Nc3 Be3 50. Nd5 Bd4
51. Kd2 Kc6 52. Kxd3 Be5 53. Kc4
1-0

[Event "SCCA Promotional Open Tournament"]
[Site "SchemingMind.com"]
[Date "2008.02.14"]
[Round "-"]
[White "TONYTODD11"]
[Black "jp781"]
[Result "0-1"]
[WhiteCountry "ENG"]
[BlackCountry "USA"]
[WhiteElo "1604"]
[WhiteRD "81"]
[BlackElo "1984"]
[BlackRD "83"]
[GameID "141577"]

1. e4 c5 2. d4 cxd4 3. c3 dxc3 4. Nxc3 Nc6 5. Nf3 e6 6. Be3 d6 7. Bd3 Be7 8. O-O Nf6 9. Rc1 Bd7 10. Qd2 a6
11. Rfd1 Ng4 12. Na4 Nxe3 13. Qxe3 O-O 14. Nb6 Rb8 15. Bc2 Nb4 16. e5 d5 17. Be4 Nxa2 18. Rc2 Nb4 19. Rcd2 Bc6 20. Nc4 Qc7
21. Ng5 Bxg5 22. Qxg5 h6 23. Qg4 dxc4 24. Bb1 b5 25. Rd4 Qxe5 26. Qh4 f5 27. Qe7 Nd5 28. Qc5 Bb7 29. Qa7 Nf4 30. Rd7 Bxg2
31. R7d4 Bf3
0-1

[Event "SCCA Promotional Open Tournament"]
[Site "SchemingMind.com"]
[Date "2008.02.14"]
[Round "-"]
[White "strokem1"]
[Black "jp781"]
[Result "0-1"]
[WhiteCountry "USA"]
[BlackCountry "USA"]
[WhiteElo "1564"]
[WhiteRD "70"]
[BlackElo "1960"]
[BlackRD "86"]
[GameID "141578"]

1. e4 c5 2. Nf3 d6 3. Bc4 Nf6 4. Nc3 Nc6 5. d3 g6 6. Ng5 Ne5 7. Bb3 e6 8. Bf4 Nc6 9. O-O Bg7 10. a3 Nd4
11. Ba2 O-O 12. Ne2 Nxe2+ 13. Qxe2 Nh5 14. Bc1 Bxb2 15. Nxe6 Nf4 16. Qf3 Nxe6 17. Bxb2 Nd4 18. Qe3 Nxc2 19. Qh6 Nd4 20. Rac1 Be6
21. Bxe6 fxe6 22. f4 Qe7 23. e5 Ne2+ 24. Kh1 Nxc1 25. exd6 Qd7 26. Rxc1 b6 27. d4 Rf7 28. dxc5 bxc5 29. Be5 Rb8 30. h3 Rc8
31. Rc3 Rf5 32. g4 Rf7 33. Kh2 Qe8 34. Kg3 Qf8 35. Qg5 Rd7 36. Rd3 c4 37. Rd1 c3 38. Rc1 c2 39. Bf6 Rxd6 40. Be7 Rd3+
41. Kh4 Qf7 42. Bb4 Rd1 43. Rxc2 Rxc2
0-1

[Event "SCCA Promotional Open Tournament"]
[Site "SchemingMind.com"]
[Date "2008.02.17"]
[Round "-"]
[White "badbishop"]
[Black "jp781"]
[Result "1/2-1/2"]
[WhiteCountry "POL"]
[BlackCountry "USA"]
[WhiteElo "2271"]
[WhiteRD "65"]
[BlackElo "1941"]
[BlackRD "82"]
[GameID "141579"]

1. e4 c5 2. Nf3 d6 3. d4 cxd4 4. Nxd4 Nf6 5. Nc3 a6 6. Be2 e5 7. Nb3 Be7 8. O-O O-O 9. f4 b5 10. Bf3 Bb7
11. fxe5 dxe5 12. Be3 Nc6 13. a4 Nd4 14. Nxd4 exd4 15. Qxd4 Qxd4 16. Bxd4 b4 17. Nd5 Nxd5 18. exd5 Bxd5 19. Bxd5 Rad8 20. Rf5 g6
21. Re5 Bf6 22. Rae1 Bxe5 23. Rxe5 Rb8 24. c4 bxc3 25. Bxc3 Rfc8 26. Re7 Rf8 27. a5 h5 28. Bc4 Ra8 29. Kf2 Rae8 30. Bxf7+ Rxf7+
31. Rxf7=
1/2-1/2

[Event "SCCA Promotional Open Tournament"]
[Site "SchemingMind.com"]
[Date "2008.02.14"]
[Round "-"]
[White "ajedrez perfecto"]
[Black "jp781"]
[Result "0-1"]
[WhiteCountry "BAH"]
[BlackCountry "USA"]
[WhiteElo "1656"]
[WhiteRD "64"]
[BlackElo "1984"]
[BlackRD "83"]
[GameID "141580"]

1. e4 c5 2. Nf3 d6 3. d4 cxd4 4. Nxd4 Nf6 5. Nc3 g6 6. Bc4 Bg7 7. f3 O-O 8. Be3 Nc6 9. Qd2 Bd7 10. g4 Rc8
11. Bb3 Ne5 12. O-O-O a6 13. h4 h5 14. gxh5 Nxh5 15. Rdg1 Nc4 16. Bxc4 Rxc4 17. Nce2 b5 18. Ng3 e5
0-1

[Event "SCCA Promotional Open Tournament"]
[Site "SchemingMind.com"]
[Date "2008.02.14"]
[Round "-"]
[White "Joe Daudish"]
[Black "jp781"]
[Result "0-1"]
[WhiteCountry "USA"]
[BlackCountry "USA"]
[WhiteElo "1780"]
[WhiteRD "46"]
[BlackElo "1960"]
[BlackRD "86"]
[GameID "141581"]

1. d4 Nf6 2. Nf3 g6 3. Bf4 Bg7 4. h3 O-O 5. e3 d5 6. Bd3 c5 7. c3 Nbd7 8. Nbd2 b6 9. O-O Bb7 10. Re1 c4
11. Bc2 Nh5 12. Bh2 b5 13. a3 Re8 14. e4 e5 15. exd5 exd4 16. Rxe8+ Qxe8 17. Nxd4 Bxd5 18. N2f3 Nhf6 19. Qd2 a6 20. Re1 Qd8
21. Ne5 Nc5 22. Bd1 Nfe4 23. Qc2 Qe8 24. Ng4 f5 25. Ne3 Nd3 26. Rf1 Bb7 27. Bf3 Rd8 28. Ne2 Nexf2 29. Rxf2 Qxe3 30. Ng3 Bxf3
31. gxf3 Nxf2 32. Qxf2 Qxf2+ 33. Kxf2 Rd2+ 34. Ne2 Rxb2
0-1

[Event "SCCA Promotional Open Tournament"]
[Site "SchemingMind.com"]
[Date "2008.02.12"]
[Round "-"]
[White "smothered mate"]
[Black "faulty"]
[Result "0-1"]
[WhiteCountry "POL"]
[BlackCountry "USA"]
[WhiteElo "1947"]
[WhiteRD "57"]
[BlackElo "1941"]
[BlackRD "77"]
[GameID "141635"]

1. e4 e5 2. Nf3 Nc6 3. Nc3 Nf6 4. Nxe5 Nxe5 5. d4 Ng6 6. e5 Ng8 7. Bc4 Bb4 8. O-O Bxc3 9. bxc3 N8e7 10. f4 d5
11. exd6 cxd6 12. f5 Bxf5 13. g4 Be6 14. Bxe6 fxe6 15. Qf3 Rf8 16. Qxb7 Rxf1+ 17. Kxf1 Kf8 18. Ba3 Rb8 19. Qf3+ Kg8 20. Re1 Qd7
21. Qg3 e5 22. h4 Rf8+ 23. Kg1 Rf4
0-1

[Event "SCCA Promotional Open Tournament"]
[Site "SchemingMind.com"]
[Date "2008.02.12"]
[Round "-"]
[White "smothered mate"]
[Black "TONYTODD11"]
[Result "1-0"]
[WhiteCountry "POL"]
[BlackCountry "ENG"]
[WhiteElo "1964"]
[WhiteRD "53"]
[BlackElo "1588"]
[BlackRD "76"]
[GameID "141636"]

1. e4 c6 2. d4 d5 3. Nc3 f6 4. Bd3 e5 5. exd5 cxd5 6. Qh5+ Ke7 7. dxe5 Be6 8. b3 d4 9. Ba3+ Kd7 10. Bxf8 Qxf8
11. exf6 Nxf6 12. Qb5+ Kc7 13. Qe5+ Kd7 14. Bb5+ Nc6 15. Rd1 Ke7 16. Qc5+ Kf7 17. Qxf8+ Rhxf8 18. Nce2 Rfe8 19. Nf3 Bg4 20. Bxc6 bxc6
21. Nxd4 c5 22. Nf3 Re7 23. Kf1 Rae8 24. Nf4 Bd7 25. Ng5+ Kg8 26. h4 Bb5+ 27. c4 Bc6 28. Rh3 h6 29. Nf3 Ne4 30. Nd5 Rd7
31. h5 Nf6 32. Nxf6+ gxf6 33. Rxd7 Bxd7 34. Rg3+ Kf7 35. Nh4 Re5 36. Rd3 Bg4 37. f3 Bxh5 38. g4 Bg6 39. Rd7+ Ke6 40. Nxg6 Kxd7
41. Nxe5+ fxe5 42. Kf2 Ke6 43. Ke2 a5 44. Kd3 Kd6 45. Ke3 Ke6 46. Ke4
1-0

[Event "SCCA Promotional Open Tournament"]
[Site "SchemingMind.com"]
[Date "2008.02.12"]
[Round "-"]
[White "smothered mate"]
[Black "strokem1"]
[Result "1-0"]
[WhiteCountry "POL"]
[BlackCountry "USA"]
[WhiteElo "1947"]
[WhiteRD "57"]
[BlackElo "1492"]
[BlackRD "84"]
[GameID "141637"]

1. e4 c5 2. c3 Nc6 3. d4 cxd4 4. cxd4 d5 5. exd5 Qxd5 6. Be3 Nf6 7. Nc3 Qh5 8. Qb3 Qa5 9. d5 Nb4 10. O-O-O Bf5
11. Bb5+ Nd7 12. Nf3 a6 13. Bxd7+ Bxd7 14. a3 Nxd5 15. Rxd5 Qc7 16. Rhd1 Rd8 17. Bb6 Qf4+ 18. Kb1
1-0

[Event "SCCA Promotional Open Tournament"]
[Site "SchemingMind.com"]
[Date "2008.02.14"]
[Round "-"]
[White "smothered mate"]
[Black "jp781"]
[Result "0-1"]
[WhiteCountry "POL"]
[BlackCountry "USA"]
[WhiteElo "1926"]
[WhiteRD "48"]
[BlackElo "1936"]
[BlackRD "83"]
[GameID "141638"]

1. e4 c5 2. c3 Nf6 3. e5 Nd5 4. g3 d6 5. exd6 e6 6. Bg2 Bxd6 7. Nf3 O-O 8. O-O Nc6 9. a4 b6 10. Na3 Bb7
11. Re1 Re8 12. Nc4 Bc7 13. Qc2 Nf6 14. d3 a6 15. Bg5 h6 16. Bxf6 Qxf6 17. Nfd2 Rab8 18. Ne4 Qe7 19. g4 Ne5 20. Nxe5 Bxe5
21. Re3 Bf4 22. Rh3 e5 23. a5 b5 24. Re1 f6 25. Ng3 Bc8 26. Nf5 Bxf5 27. gxf5 Qd7 28. Be4 g6 29. d4 c4 30. Rf3 g5
31. h3 exd4 32. cxd4 Qxd4 33. Qb1 Rbd8 34. Bc6 Rxe1+ 35. Qxe1 Qd1 36. Qxd1 Rxd1+ 37. Kg2 Ra1 38. Ra3 Rxa3 39. bxa3 Bc7 40. Kf3 Bxa5
41. Ke4 Kf8 42. Kd4 Bb6+ 43. Kc3 Bxf2 44. a4 Be1+ 45. Kd4 c3 46. Kd3 b4 47. Kc2 a5 48. Bf3 Ke7 49. Be2 Kd6 50. Bd3 Ke5
51. Kb3 Kf4 52. Kc2 g4 53. hxg4 Kxg4 54. Kd1 Bd2 55. Bc2 Kg3 56. Ke2 Kg2 57. Be4+ Kg1 58. Bc2 h5 59. Kf3 h4 60. Kg4 Bg5
0-1

[Event "SCCA Promotional Open Tournament"]
[Site "SchemingMind.com"]
[Date "2008.02.17"]
[Round "-"]
[White "smothered mate"]
[Black "badbishop"]
[Result "0-1"]
[WhiteCountry "POL"]
[BlackCountry "POL"]
[WhiteElo "1913"]
[WhiteRD "52"]
[BlackElo "2286"]
[BlackRD "68"]
[GameID "141639"]

1. e4 g6 2. f4 Bg7 3. Nf3 d6 4. g3 c5 5. Bg2 Nc6 6. c3 Nf6 7. d3 O-O 8. O-O Bg4 9. Qe1 Rc8 10. Nbd2 b5
11. h3 Bd7 12. g4 Qb6 13. Kh2 Qc7 14. Qg3 a5 15. Rg1 a4 16. Nf1 c4 17. e5 dxe5 18. fxe5 Nxe5 19. Nxe5 Nh5 20. Qe1 Qxe5+
21. Qxe5 Bxe5+ 22. Kh1 Nf4 23. Bxf4 Bxf4 24. dxc4 Rxc4 25. Rd1 Be6 26. Nd2 Rc7 27. a3 Rd8 28. Nf3 Rxd1 29. Rxd1 Rd7 30. Nd4 Bc4
31. Re1 e5 32. Nf3 f6 33. Kg1 Bg3 34. Rb1 Be2 35. Ne1 Rd2 36. Nf3 Rd1+ 37. Rxd1 Bxd1 38. Nd2 Bf4 39. Ne4 Bc1 40. Nd6 Bxb2
41. Nxb5 Bb3 42. Bf1 Kf7 43. Bc4+ Bxc4 44. Nd6+ Ke6 45. Nxc4 Bxc3 46. Nb6 Bd4+
0-1

[Event "SCCA Promotional Open Tournament"]
[Site "SchemingMind.com"]
[Date "2008.02.13"]
[Round "-"]
[White "smothered mate"]
[Black "Joe Daudish"]
[Result "1/2-1/2"]
[WhiteCountry "POL"]
[BlackCountry "USA"]
[WhiteElo "1964"]
[WhiteRD "53"]
[BlackElo "1757"]
[BlackRD "53"]
[GameID "141641"]

1. e4 e6 2. c4 c6 3. Nc3 d5 4. cxd5 cxd5 5. d4 dxe4 6. Nxe4 Nd7 7. Nf3 Ngf6 8. Bg5 Be7 9. Ng3 h6 10. Bf4 O-O
11. Bd3 b6 12. O-O Bb7 13. Rc1 Rc8 14. Qe2 Nd5 15. Bd2 Bf6 16. Nh5 Qe7 17. Qe4 g6 18. Bxh6 Rfe8 19. Qg4 Nf8 20. Bxf8 Kxf8
21. Nf4 Nxf4 22. Qxf4 Bxf3 23. Qxf3 Kg7 24. Bb5 Red8 25. Rxc8 Rxc8 26. d5 exd5 27. Qxd5 Bxb2 28. g4 Rc5 29. Qd3 Qc7=
1/2-1/2

[Event "SCCA Promotional Open Tournament"]
[Site "SchemingMind.com"]
[Date "2008.02.13"]
[Round "-"]
[White "faulty"]
[Black "smothered mate"]
[Result "0-1"]
[WhiteCountry "USA"]
[BlackCountry "POL"]
[WhiteElo "1889"]
[WhiteRD "74"]
[BlackElo "1964"]
[BlackRD "53"]
[GameID "141642"]

1. e4 c5 2. Nf3 d6 3. d4 cxd4 4. Nxd4 Nf6 5. Nc3 g6 6. Bc4 Bg7 7. f3 O-O 8. Be3 Nc6 9. Qd2 Bd7 10. O-O-O b5
11. Bxb5 Ne5 12. Be2 Rc8 13. Kb1 Nc4 14. Bxc4 Rxc4 15. Bh6 Rxd4 16. Qxd4 Bxh6 17. Qxa7 Be6 18. e5 Nh5 19. Nd5 Bxd5 20. Rxd5 Nf4
21. Rd2 Ne6 22. Rd5 Nc7 23. Rd3 d5 24. c4 e6 25. Qd4 Bg7 26. Rhd1 Qb8 27. Rb3 Qd8 28. g3 Qg5 29. f4 Qf5+ 30. Rbd3 dxc4
31. Qxc4 Nd5 32. Ka1 Rd8 33. a3 Bf8 34. Qc1 Qe4 35. Rd4 Qe2 36. Qd2 Qa6 37. Qd3 Qa7 38. Qb3 Rb8 39. Qa4 Qb7 40. R4d2 Ra8
41. Qd4 Qb3 42. Rd3 Qc2 43. R3d2 Nb4 44. Qe3 Qxd1+ 45. Rxd1 Nc2+
0-1

[Event "SCCA Promotional Open Tournament"]
[Site "SchemingMind.com"]
[Date "2008.02.13"]
[Round "-"]
[White "TONYTODD11"]
[Black "smothered mate"]
[Result "0-1"]
[WhiteCountry "ENG"]
[BlackCountry "POL"]
[WhiteElo "1595"]
[WhiteRD "79"]
[BlackElo "1938"]
[BlackRD "52"]
[GameID "141643"]

1. e4 c5 2. d4 cxd4 3. c3 e6 4. Qxd4 Nc6 5. Qd1 Bc5 6. Nf3 Nf6 7. Bg5 Qb6 8. Be3 Bxe3 9. fxe3 Qxe3+ 10. Be2 Nxe4
11. Rf1 d5 12. Nbd2 Nc5 13. Qc2 Bd7 14. b4 Ne4 15. Nxe4 Qxe4 16. Qxe4 dxe4 17. Nd4 Nxd4 18. cxd4 f5 19. g4 Ke7 20. d5 g6
21. dxe6 Bxe6 22. h3 Rac8 23. b5 Rhf8 24. a4 f4 25. Ra3 Rc1+ 26. Kf2 e3+ 27. Kg2 Rxf1 28. Kxf1 f3 29. Rxe3 fxe2+ 30. Kxe2 Kd6
31. Rd3+ Kc5 32. Rc3+ Kb4 33. Rc7 Rf7 34. Rc1 Bc4+ 35. Ke3 Rf1 36. Rc2 Ra1 37. Kd4 Rd1+ 38. Ke5 Rd3 39. Kf6 Rxh3 40. Rd2 Rd3
41. Rh2 Rf3+ 42. Kg5 Rf7 43. Rc2 Bb3 44. Rb2 Kxa4 45. Kh6 Bc4 46. b6 a6 47. g5 Rf5 48. Rg2 Rb5 49. Rg4 Rxb6 50. Rxc4+ Kb5
51. Rc1 Re6 52. Rc7 b6 53. Rxh7 a5 54. Kg7 a4 55. Kf7 Rc6 56. Rh3 Ka5 57. Rh8 a3 58. Rh2 b5 59. Ke7 b4 60. Kd7 Rc5
61. Rg2 b3
0-1

[Event "SCCA Promotional Open Tournament"]
[Site "SchemingMind.com"]
[Date "2008.02.13"]
[Round "-"]
[White "strokem1"]
[Black "smothered mate"]
[Result "0-1"]
[WhiteCountry "USA"]
[BlackCountry "POL"]
[WhiteElo "1492"]
[WhiteRD "84"]
[BlackElo "1947"]
[BlackRD "57"]
[GameID "141644"]

1. e4 c5 2. Nf3 d6 3. d4 cxd4 4. Nxd4 Nf6 5. Nc3 g6 6. Bc4 Bg7 7. Bg5 O-O 8. h3 Qb6 9. O-O Qc5 10. Bd3 Qxg5
11. f4 Qc5 12. Kh1 Qxd4 13. e5 Nh5 14. Nb5 Ng3+ 15. Kh2 Nxf1+ 16. Qxf1 Qb6 17. a4 Nc6 18. exd6 exd6 19. Nxd6 Nd4 20. Nc4 Qc7
21. c3 Ne6 22. a5 Nxf4 23. Kh1 Nxd3 24. Qxd3 Be6 25. Na3 Rad8 26. Qe3 Qxa5 27. Rg1 Rfe8 28. Qg3 Be5 29. Qg5 Bc7 30. Nc2 Qxg5
0-1

[Event "SCCA Promotional Open Tournament"]
[Site "SchemingMind.com"]
[Date "2008.02.14"]
[Round "-"]
[White "jp781"]
[Black "smothered mate"]
[Result "0-1"]
[WhiteCountry "USA"]
[BlackCountry "POL"]
[WhiteElo "1941"]
[WhiteRD "82"]
[BlackElo "1927"]
[BlackRD "49"]
[GameID "141645"]

1. d4 d5 2. c4 Bf5 3. Nc3 e6 4. Nf3 Nc6 5. Bf4 Bd6 6. Bxd6 Qxd6 7. a3 Nf6 8. e3 a6 9. c5 Qe7 10. Be2 O-O
11. b4 Rfd8 12. O-O e5 13. Re1 Ne4 14. Qb3 Nxc3 15. Qxc3 e4 16. Nd2 Qg5 17. Nf1 h5 18. Ng3 Bg6 19. h3 h4 20. Nf1 Bf5
21. Kh1 Re8 22. Nh2 Re6 23. Bg4 Bxg4 24. Nxg4 f5 25. Nh2 Rg6 26. Rg1 Kh7 27. Raf1 Na7 28. a4 Qe7 29. Re1 Qd7 30. Ra1 b6
31. Rgb1 Rb8 32. Rc1 Rc6 33. Qd2 bxc5 34. bxc5 Rb3 35. Qc2 Rd3 36. Qe2 Rh6 37. f3 Nc6 38. Rcb1 Na5 39. fxe4 fxe4 40. Ng4 Nc4
41. Nxh6 Kxh6 42. Qf2 Qe7 43. Rb7 Nxe3 44. Qf4+ g5 45. Qxc7 Qxc7 46. Rxc7 Rxd4 47. Rb1 g4 48. hxg4 Nxg4 49. Rc6+ Kg5 50. Rxa6 e3
0-1

[Event "SCCA Promotional Open Tournament"]
[Site "SchemingMind.com"]
[Date "2008.02.17"]
[Round "-"]
[White "badbishop"]
[Black "smothered mate"]
[Result "1-0"]
[WhiteCountry "POL"]
[BlackCountry "POL"]
[WhiteElo "2286"]
[WhiteRD "68"]
[BlackElo "1913"]
[BlackRD "52"]
[GameID "141646"]

1. e4 c5 2. Nf3 d6 3. d4 cxd4 4. Nxd4 Nf6 5. Nc3 g6 6. Be3 Bg7 7. f3 O-O 8. Qd2 Nc6 9. O-O-O Bd7 10. g4 Rc8
11. Kb1 Ne5 12. Be2 b5 13. h4 b4 14. Nd5 Nxd5 15. exd5 Qa5 16. Nb3 Qc7 17. h5 a5 18. Nd4 a4 19. Bh6 b3 20. cxb3 axb3
21. Bxg7 bxa2+ 22. Ka1 Kxg7 23. hxg6 fxg6 24. Qh6+ Kf7 25. f4 Nc4 26. Qxh7+ Ke8 27. Qxg6+ Kd8 28. Qg7 Re8 29. Rc1
1-0

[Event "SCCA Promotional Open Tournament"]
[Site "SchemingMind.com"]
[Date "2008.02.13"]
[Round "-"]
[White "Joe Daudish"]
[Black "smothered mate"]
[Result "0-1"]
[WhiteCountry "USA"]
[BlackCountry "POL"]
[WhiteElo "1798"]
[WhiteRD "99"]
[BlackElo "1947"]
[BlackRD "57"]
[GameID "141648"]

1. d4 d5 2. Nf3 Bf5 3. Bf4 c5 4. e3 Nc6 5. c3 Qb6 6. Qb3 c4 7. Qxb6 axb6 8. a3 Na5 9. Nbd2 e6 10. Be2 Nf6
11. O-O b5 12. Ne5 Be7 13. h3 h5 14. a4 b4 15. f3 Nc6 16. Nxc6 bxc6 17. Bc7 Kd7 18. Bb6 Rhb8 19. a5 Kc8 20. Rfc1 b3
21. g4 Bc2 22. Kg2 h4 23. Bd1 Bd3 24. f4 Nd7 25. Kf2 Nxb6 26. axb6 Ra2 27. Rxa2 bxa2 28. Ra1 Ra8 29. Nf3 Bb1 30. Ne5 Kb7
31. Nxf7 Kxb6 32. Ne5 Kc7 33. Ke2 Rb8
0-1

[Event "SCCA Promotional Open Tournament"]
[Site "SchemingMind.com"]
[Date "2008.02.12"]
[Round "-"]
[White "jlowrey"]
[Black "faulty"]
[Result "1-0"]
[WhiteCountry "USA"]
[BlackCountry "USA"]
[WhiteElo "1765"]
[WhiteRD "93"]
[BlackElo "1889"]
[BlackRD "74"]
[GameID "141686"]

1. e4 e5 2. f4 exf4 3. Nf3 Nf6 4. e5 Nd5 5. Bc4 Nb6 6. Bb3 d5 7. O-O Be6 8. d3 c5 9. c3 g5 10. d4 c4
11. Bc2 Nc6 12. a4 a5 13. b3 Bg7 14. Na3 Na7 15. Rb1 Rb8 16. Qe2 O-O 17. bxc4 dxc4 18. Qe4 f5 19. exf6 Rxf6 20. Qxh7+ Kf8
21. Nxg5 Bg8 22. Qh5 Qc7 23. Rxb6 Rxb6 24. Nxc4
1-0

[Event "SCCA Promotional Open Tournament"]
[Site "SchemingMind.com"]
[Date "2008.02.12"]
[Round "-"]
[White "jlowrey"]
[Black "TONYTODD11"]
[Result "1-0"]
[WhiteCountry "USA"]
[BlackCountry "ENG"]
[WhiteElo "1765"]
[WhiteRD "93"]
[BlackElo "1588"]
[BlackRD "76"]
[GameID "141687"]

1. e4 c6 2. d4 d5 3. Nc3 e6 4. Nf3 Bb4 5. e5 Qc7 6. Bd2 Bd7 7. Be2 Ne7 8. O-O O-O 9. Bg5 c5 10. Bxe7 Re8
11. Bg5 cxd4 12. Qxd4 Nc6 13. Qg4 Nxe5 14. Qxb4 a5 15. Qd4 f6 16. Bf4 Nxf3+ 17. Bxf3 e5 18. Qxd5+ Be6 19. Qxb7 Qc4 20. Be3 Rab8
21. Qe4 Qa6 22. Be2 Qd6 23. Rfd1 f5 24. Rxd6 fxe4 25. b3 Bf5 26. Bc4+ Kh8 27. h3 Rbc8 28. Re1 a4 29. Nxa4 Rc7 30. Red1 Rcc8
31. Nb6 Rb8 32. a4 g6 33. a5
1-0

[Event "SCCA Promotional Open Tournament"]
[Site "SchemingMind.com"]
[Date "2008.02.12"]
[Round "-"]
[White "jlowrey"]
[Black "strokem1"]
[Result "1/2-1/2"]
[WhiteCountry "USA"]
[BlackCountry "USA"]
[WhiteElo "1625"]
[WhiteRD "77"]
[BlackElo "1564"]
[BlackRD "70"]
[GameID "141688"]

1. e4 c5 2. Nf3 Nc6 3. d4 Nxd4 4. Nxd4 cxd4 5. Qxd4 d6 6. Nc3 e5 7. Qd1 Nf6 8. Bc4 Be7 9. O-O O-O 10. Re1 a6
11. Bb3 h6 12. Qd3 Bg4 13. Qg3 Qd7 14. Nd5 Nxd5 15. Bxd5 h5 16. h3 Be6 17. c4 Bxd5 18. cxd5 h4 19. Qa3 b5 20. Bd2 f5
21. f3 f4 22. Rac1 Rfc8 23. Bb4 g5 24. b3 Qb7 25. Re2 a5 26. Bxa5 Rxa5 27. Rxc8+ Qxc8 28. Qxa5 Qc5+ 29. Kf1 b4 30. Qa8+ Kg7
31. Qc6 Qd4 32. Qc1 Bd8 33. Qc4 Qa1+ 34. Re1 Qxa2 35. Qxb4 Ba5 36. Qb7+ Kf6 37. Re2 Qb1+ 38. Kf2 Qd3 39. Qb8 Qd4+ 40. Kf1 Qd1+
41. Kf2 Qd4+=
1/2-1/2

[Event "SCCA Promotional Open Tournament"]
[Site "SchemingMind.com"]
[Date "2008.02.17"]
[Round "-"]
[White "jlowrey"]
[Black "badbishop"]
[Result "0-1"]
[WhiteCountry "USA"]
[BlackCountry "POL"]
[WhiteElo "1625"]
[WhiteRD "77"]
[BlackElo "2270"]
[BlackRD "73"]
[GameID "141690"]

1. e4 g6 2. Nf3 Bg7 3. d4 d6 4. Nc3 a6 5. Bg5 b5 6. g3 Bb7 7. Qd3 Nd7 8. Bg2 c5 9. O-O cxd4 10. Nxd4 Ngf6
0-1

[Event "SCCA Promotional Open Tournament"]
[Site "SchemingMind.com"]
[Date "2008.02.13"]
[Round "-"]
[White "jlowrey"]
[Black "smothered mate"]
[Result "0-1"]
[WhiteCountry "USA"]
[BlackCountry "POL"]
[WhiteElo "1625"]
[WhiteRD "77"]
[BlackElo "1938"]
[BlackRD "52"]
[GameID "141692"]

1. e4 c5 2. Nf3 d6 3. d4 cxd4 4. Nxd4 Nf6 5. Nc3 g6 6. Bc4 Bg7 7. Bg5 O-O 8. O-O Nc6 9. f4 Qb6 10. Bxf6 Bxf6
11. Nd5 Qxd4+ 12. Qxd4 Bxd4+ 13. Kh1 e6 14. Nc7 Rb8 15. c3 Bb6 16. Nb5 Rd8 17. Rad1 Na5 18. Be2 d5
0-1

[Event "SCCA Promotional Open Tournament"]
[Site "SchemingMind.com"]
[Date "2008.02.13"]
[Round "-"]
[White "jlowrey"]
[Black "Joe Daudish"]
[Result "0-1"]
[WhiteCountry "USA"]
[BlackCountry "USA"]
[WhiteElo "1625"]
[WhiteRD "77"]
[BlackElo "1780"]
[BlackRD "46"]
[GameID "141693"]

1. e4 e6 2. d4 d5 3. Nc3 dxe4 4. Nxe4 Nd7 5. Nf3 Ngf6 6. Nxf6+ Nxf6 7. Bc4 Be7 8. O-O c6 9. Re1 O-O 10. Be3 b6
11. Bb3 Bb7 12. c3 Nd5 13. c4 Nxe3 14. fxe3 Bf6 15. Qd3 Qc7 16. e4 Rad8 17. Rad1 a5 18. Bc2 g6 19. Rf1 Bg7 20. Qb3 Ba6
21. e5 b5 22. c5 b4 23. Bd3 Qa7 24. Bxa6 Qxa6
0-1

[Event "SCCA Promotional Open Tournament"]
[Site "SchemingMind.com"]
[Date "2008.02.13"]
[Round "-"]
[White "faulty"]
[Black "jlowrey"]
[Result "1-0"]
[WhiteCountry "USA"]
[BlackCountry "USA"]
[WhiteElo "1889"]
[WhiteRD "74"]
[BlackElo "1765"]
[BlackRD "93"]
[GameID "141694"]

1. e4 c5 2. Nf3 Nc6 3. d4 cxd4 4. Nxd4 Nf6 5. Nc3 e6 6. Ndb5 Bb4 7. Bg5 O-O 8. a3 Be7 9. Qd2 a6 10. Nd6 Ne8
11. Bxe7 Qxe7 12. O-O-O Ne5 13. f4 Nc6 14. Nxc8 Rxc8 15. Qxd7 Qf6 16. Qxc8 Qxf4+ 17. Kb1 Nd6 18. Qc7 Rd8 19. Bxa6
1-0

[Event "SCCA Promotional Open Tournament"]
[Site "SchemingMind.com"]
[Date "2008.02.13"]
[Round "-"]
[White "TONYTODD11"]
[Black "jlowrey"]
[Result "1-0"]
[WhiteCountry "ENG"]
[BlackCountry "USA"]
[WhiteElo "1595"]
[WhiteRD "79"]
[BlackElo "1625"]
[BlackRD "77"]
[GameID "141695"]

1. e4 c5 2. d4 cxd4 3. c3 dxc3 4. Nxc3 d6 5. Nf3 e6 6. Be3 Nc6 7. Bb5 Bd7 8. O-O Be7 9. Qe2 Nf6 10. Rac1 O-O
11. Rfd1 a6 12. Bxc6 Bxc6 13. e5 Ne8 14. Qc2 Bxf3 15. gxf3 d5 16. Rd4 f6 17. Rh4 f5 18. Rh3 Rc8 19. Qd2 g5 20. Bxg5 Bxg5
21. Rg3 f4 22. Rg2 Ng7 23. Qd4 Qe7 24. Ne2 Rxc1+ 25. Nxc1 Rc8 26. Nd3 Rc4 27. Qa7 Rc8 28. b4 h6 29. Nc5 Kh7 30. h3 Qc7
31. a3
1-0

[Event "SCCA Promotional Open Tournament"]
[Site "SchemingMind.com"]
[Date "2008.02.12"]
[Round "-"]
[White "strokem1"]
[Black "jlowrey"]
[Result "0-1"]
[WhiteCountry "USA"]
[BlackCountry "USA"]
[WhiteElo "1600"]
[WhiteRD "80"]
[BlackElo "1765"]
[BlackRD "93"]
[GameID "141696"]

1. e4 c5 2. Nf3 Nc6 3. d4 cxd4 4. Nxd4 Nf6 5. Bg5 Nxe4 6. Bf4 e5 7. Nxc6 bxc6 8. Bxe5 Qe7 9. f4 Qh4+ 10. g3 Nxg3
11. hxg3 Qxh1 12. Qe2 Kd8 13. Nc3 Bd6 14. Bxd6 Re8 15. Bc7+ Kxc7 16. Qxe8 Qf3 17. Qe5+ d6 18. Qe7+ Bd7 19. Ne2 Re8 20. Qxf7 Qxg3+
21. Kd1 Qg4 22. Kd2 h5 23. Re1 h4 24. Kc1 h3 25. Bxh3 Qxh3 26. Qxg7 Qe3+ 27. Kd1 Re7 28. Qd4 Qh3 29. Ng1 Bg4+ 30. Kd2 Qg2+
31. Kc3 Qg3+ 32. Kd2 Qxe1+ 33. Kd3 Bf5+
0-1